Temor y temblor; diario de un seductor

Saved in:
Bibliografiske detaljer
Hovedforfatter: Kierkegaard, Søren 1813-1855 (autor)
Andre forfattere: Gutiérrez Rivero, Demetrio (traductor)
Format: Bog
Sprog:spansk
Udgivet: Madrid Guadarrama 1976
Fag:
Tags: Tilføj Tag
Ingen Tags, Vær først til at tagge denne postø!

MARC

LEADER 00000nam a2200000 a 4500
001 UCV8371
003 CL-VaPUC
005 20240711135701.0
008 910506e19760000SP |||||||||||||||||spa|d
999 |c 213901  |d 213899 
040 |c Pontificia Universidad Católica de Valparaíso 
082 0 4 |a 142.7  |b KIE  |2 21 
100 |a Kierkegaard, Søren   |e autor  |d 1813-1855  |9 579207 
245 1 0 |a Temor y temblor; diario de un seductor 
260 |a Madrid  |b Guadarrama  |c 1976 
300 |a 394 p 
583 |a last modification  |c 19910506 00:00:00  |k Rodrigo Vera 
650 0 |a Existencialismo  |9 265698 
650 0 |a Angustia  |9 266245 
650 0 |a Teología natural  |9 266548 
700 1 |a Gutiérrez Rivero, Demetrio  |e traductor  |9 863719 
942 |c BK  |2 ddc 
945 |d 19910506 00:00:00 
952 |0 0  |1 0  |4 0  |6 142_700000000000000_KIE_1976  |7 0  |8 P  |9 196751  |a BIBARQ  |b BIBARQ  |d 2019-11-14  |i 2645637  |o 142.7 KIE 1976  |p 2645637  |r 2025-01-20  |w 2019-11-14  |y BK  |k ARQ 
952 |0 0  |1 0  |2 ddc  |4 0  |6 142_700000000000000_KIE_1976  |7 0  |8 P  |9 196752  |a BIBEDU  |b BIBEDU  |c BIBEDU_PB  |d 2019-11-14  |i 1562045  |l 2  |o 142.7 KIE 1976  |p 1562045  |r 2024-01-25  |s 2023-10-10  |w 2019-11-14  |y BK_P  |k FIL